Every Song by Lostprophets - Statistics

General Stats
  • This quiz has been taken 4 times
  • The average score is 18 of 90
Answer Stats
Album Song % Correct
Start Something(2004) Last Train Home
100%
thefakesoundofprogress(2000) The Fake Sound of Progress
100%
Start Something(2004) Wake Up (Make a Move)
100%
Start Something(2004) We Are Godzilla, You Are Japan
100%
Start Something(2004) Burn Burn
67%
thefakesoundofprogress(2000) Kobrakai
67%
Start Something(2004) Last Summer
67%
thefakesoundofprogress(2000) Shinobi vs. Dragon Ninja
67%
Start Something(2004) To Hell We Ride
67%
Start Something(2004) We Still Kill the Old Way
67%
Liberation Transmission(2006) 4:AM Forever
33%
The Betrayed(2010) A Better Nothing
33%
Liberation Transmission(2006) Always All Ways (Apologies, Glances and Messed Up Chances)
33%
Start Something(2004) A Million Miles
33%
thefakesoundofprogress(2000) ...And She Told Me to Leave
33%
thefakesoundofprogress(2000) Awkward
33%
Para Todas las Putas Celosas(1998) Bitchez
33%
Weapons(2012) Bring 'Em Down
33%
Liberation Transmission(2006) Can't Catch Tomorrow (Good Shoes Won't Save You This Time)
33%
Weapons(2012) Can't Get Enough
33%
Sample Cassette Vol. 1(1999) Directions
33%
thefakesoundofprogress(Bonus)(2000) Directions
33%
The Betrayed(2010) Dstryr/Dstryr
33%
Liberation Transmission(2006) Everyday Combat
33%
thefakesoundofprogress(2000) Five Is a Four Letter Word
33%
Start Something(2004) Goodbye Tonight
33%
Liberation Transmission(2006) Heaven for the Weather, Hell for the Company
33%
Start Something(2004) Hello Again
33%
Start Something(2004) I Don't Know
33%
The Betrayed(2010) It's Not the End of the World, But I Can See It from Here
33%
Para Todas las Putas Celosas(1998) Jaimore
33%
Start Something(Bonus)(2004) Lucky You
33%
thefakesoundofprogress(2000) Ode to Summer
33%
Liberation Transmission(2006) Rooftops (A Liberation Broadcast)
33%
Start Something(2004) Start Something
33%
thefakesoundofprogress(2000) Still Laughing
33%
Start Something(2004) Sway....
33%
thefakesoundofprogress(2000) The Handsome Life of Swing
33%
Liberation Transmission(2006) The New Transmission
33%
Weapons(Hidden)(2012) Weapon
33%
Weapons(2012) We Bring an Arsenal
33%
The Betrayed(Bonus)(2010) AC Ricochet
0%
Weapons(2012) A Little Reminder That I'll Never Forget
0%
Weapons(2012) Another Shot
0%
Weapons(2012) A Song for Where I'm From
0%
Sample Cassette Vol. 1(1999) A Taste of Things to Come
0%
thefakesoundofprogress(2000) A Thousand Apologies
0%
Liberation Transmission(2006) A Town Called Hypocrisy
0%
Weapons(2012) Better Off Dead
0%
Here Cumz Tha Party(1997) Bring It On
0%
Liberation Transmission(2006) Broken Hearts, Torn Up Letters and the Story of a Lonely Girl
0%
Here Cumz Tha Party(1997) Can't Quit
0%
Liberation Transmission(2006) Can't Stop, Gotta Date with Hate
0%
The Betrayed(2010) Darkest Blue
0%
The Betrayed(2010) Dirty Little Heart
0%
Liberation Transmission(2006) Everybody's Screaming!!!
0%
Liberation Transmission(2006) For All These Times Son, For All These Times
0%
The Betrayed(2010) For He's a Jolly Good Felon
0%
thefakesoundofprogress(2000) For Sure
0%
Here Cumz Tha Party(1997) Gettin Kinda Hektic
0%
Weapons(2012) Heart on Loan
0%
The Betrayed(2010) If It Wasn't for Hate, We'd Be Dead by Now
0%
Weapons(Bonus)(2012) If You Don't Stand for Something, You'll Fall for Anything
0%
thefakesoundofprogress(2000) Interlude
0%
thefakesoundofprogress(2000) Interlude
0%
thefakesoundofprogress(2000) Interlude
0%
thefakesoundofprogress(2000) Interlude
0%
Weapons(2012) Jesus Walks
0%
Here Cumz Tha Party(1997) Kingsyze
0%
Here Cumz Tha Party(1997) Krown
0%
Start Something(Bonus)(2004) Like a Fire
0%
Sample Cassette Vol. 1(1999) M.O.A.C. Supreme
0%
The Betrayed(2010) Next Stop, Atro City
0%
thefakesoundofprogress(2000) Obscure Intro
0%
Start Something(Bonus)(2004) Outro
0%
Here Cumz Tha Party(1997) Reprazent
0%
Weapons(Bonus)(2012) Save Yourself
0%
Para Todas las Putas Celosas(1998) Seasonz
0%
Weapons(2012) Somedays
0%
Sample Cassette Vol. 1(1999) Stop Quote
0%
The Betrayed(2010) Streets of Nowhere
0%
The Betrayed(Bonus)(2010) Sunshine
0%
Weapons(Bonus)(2012) The Dead
0%
thefakesoundofprogress(Bonus)(2000) The Lesson Pt. 1
0%
The Betrayed(2010) The Light That Shines Twice as Bright...
0%
The Betrayed(Bonus)(Hidden)(2010) The Storm Is Coming...
0%
Weapons(Bonus)(2012) Undefeated
0%
The Betrayed(2010) Where We Belong
0%
Para Todas las Putas Celosas(1998) Wyseguy
0%
Weapons(Bonus)(2012) Young Pretenders
0%
No matching quizzes found
Score Distribution
Percent of People with Each Score
Percentile by Number Answered
Your Score History
You have not taken this quiz